000 00762cam a2200229 a 4500
001 000003958
005 20200929150635.0
008 841129s1985 sp 001 0 spa
020 _a8432240125
040 _aDO-SdBNP
_cDLC
_dDLC
_dOCoLC
_dDLC
041 1 7 _aspa
_heng
_aCódigo de idioma MARC
082 _a813.54
_bS849t
100 1 _aStewart, Fred Mustard,
_d1932-2007.
_911898
245 1 3 _aEl Titán /
_cFred Mustard Stewart ; traducción de Rosa María Bassols.
260 _aBarcelona :
_bPlaneta,
_c1985.
300 _a531 p. ;
_c21 cm.
534 _aTítulo original: The titan
650 4 _aNovela estadounidense
_9262
650 4 _aLiteratura estadounidense
_9263
700 1 _aBassols, Rosa María
_etr.
_911899
910 _aCatalogación por copia / LC
999 _c3777
_d3777